Регионална библиотека "Любен Каравелов" - Русе

Коледните обичаи (Запис номер 212164)

MARC детайли
000 -Лидер
Контролно поле с фиксирана дължина 02066nkm a2200457 a 4500
003 - Код на организацията, давaща контролен номер
Контролно поле BLK
005 - Дата и час на последна редакция
Контролно поле 20241204112831.0
008 - Елементи от данни с фиксирана дължина
fixed length control field 180413b bul rap|r|||| r0| ||bulo|
010 ## - Наследен системен номер
LC control number KNG00208349000
020 ## - Международен стандартен номер на книга ISBN
Международен стандартен номер на книга ISBN 978-619-7198-47-8
020 ## - Международен стандартен номер на книга ISBN
Международен стандартен номер на книга ISBN 9789548628686
040 ## - Източник на каталожния запис
Идентификатор на билиотеката - собственик на записа BLK
041 ## - Код за език
Код за езика на текст/звукозапис или на отделно заглавие Български
Код за езика КДБФ Български
072 #7 - Код за тематичната категория
Код организация bullib
Код за тематична категория Н86
Текст Детска отраслова литература Н
080 ## - УДК
Текстов определител УДК Народни вярвания. Народни обичаи. Суеверия, свързани с годишни времена, с дома, религиозни празници и др. Нестинарство
УДК код - определител по УДК 398.3
УДК определител :087.5
УДК - код + определител 398.3:087.5
139 ## - Редно поле
Редна дума Коледните обичаи
Авторски знак Колев - К 78
245 10 - Сведения за заглавието
Заглавие Коледните обичаи
Подзаглавни данни Оцветяване, рисуване, любопитни факти
Редно поле (дума) състав. Петя Валентинова Димитрова; ил. Силвия Ганчева.
246 11 - Различни форми на заглавието
Паралелно заглавие Christmas traditions : colouring, painting, curious facts
257 ## - Страна на издаване
Страна на създаване/издаване България
260 ## - Област на издателските данни
Място на издаване, разпространение и проч. София
Име на издателя, разпространителя и проч. БГкнига
Година на издаване 2015
Печатница София : Д. Благоев
300 ## - Физическа характеристика
Страници 14 л.
Илюстрации и др. с ил.
Размери/Мащаб 28 см
380 ## - Жанр
Жанр Детска отраслова лит.
490 ## - СЕРИИ (Колекции)
Име на серия Поредица Съкровищата на България
9 (RLIN) 209171
650 #7 - Допълнително описание по предмет – тема
Основно описание – тема или топоним Народни обичаи и обреди, български
Източник на редна или ключова дума
9 (RLIN) 163359
653 ## - Ключова дума – ненормативна
Ключова дума народни обичаи
653 ## - Ключова дума – ненормативна
Ключова дума Коледа
653 ## - Ключова дума – ненормативна
Ключова дума книжки за оцветяване
659 ## - Тематичен бюлетин
Тематичен бюлетин Н
700 1# - Други автори (авторска отговорност)
Лично име Димитрова, Петя Валентинова
Автороска отговорност (Описва отношението между автора и произведението) състав.
9 (RLIN) 353056
700 1# - Други автори (авторска отговорност)
Лично име Ганчева, Силвия Иванова, 1992 -
9 (RLIN) 353057
720 ## - Неконтролирано име
Паралелен автор Comp. Petja Dimitrova ; transl. from Bulg. to Eng. lang. Albena Agassyan
Ключова дума за отношение (Описва отношението между автора и произведението) паралелен автор
852 ## - Местоположение
Форматна сигнатура Цб ІІ 28192
Фондова буква Хранилище
856 4# - Електронен адрес и достъп
Електронен формат pdf - файл
Път до файла /url/
856 4# - Електронен адрес и достъп
Електронен формат pdf - файл
Път до файла /url/
999 ## - СИСТЕМНИ КОНТРОЛНИ НОМЕРА
Koha biblionumber 212164
Koha biblioitemnumber 212164
942 ## - АРТИКУЛИ
Вид на библиотечния материал Графични издания
Скрит в OPAC Не
Периодичен библиозапис Да
Koha issues (borrowed), all copies 2
944 ## - СЪЗДАВАНЕ И РЕДАКЦИЯ на ЗАПИСА
Създаване/Редакция Създаване
Дата на регистрацията/редакция 20.06.2017
Служител, извършил регистрацията/редакцията 30537
Статус, дата на статуса Грета Цуфелде
944 ## - СЪЗДАВАНЕ И РЕДАКЦИЯ на ЗАПИСА
Създаване/Редакция Редакция
Дата на регистрацията/редакция 14.07.2017
Служител, извършил регистрацията/редакцията Геновева_Генчева
999 ## - СИСТЕМНИ КОНТРОЛНИ НОМЕРА
Koha biblioitemnumber 212164
999 ## - СИСТЕМНИ КОНТРОЛНИ НОМЕРА
Koha biblioitemnumber 212164
999 ## - СИСТЕМНИ КОНТРОЛНИ НОМЕРА
Koha biblioitemnumber 212164
Наличности
Код за отписване Код за изгубен артикул Източник на класификационната схема Код за повреда Коз за рестрикции Код за отдаване Артикулен № Име на библиотеката - собственик Име на библиотеката, в която се намира в момента Статус (Текущо местоположение) Дата на вписване в системата Местоположение - отдел Цена в лева Инвентарен номер Систематично азбучна сигнатура Баркод Номер на екземпляра Цена в евро Служебна бележка Служебен тип на артикула
  Не е изгубен Universal Decimal Classification Не е повреден само за читалня ползва се в читалня 364145 Регионална библиотека "Любен Каравелов" Русе Регионална библиотека "Любен Каравелов" Русе Хранилище 2017-06-21 Хранилище 4.99 120000812589 Цб ІІ 28192 120000812589 1 2.55 Дост: Dp Вид: Д N: 22 Дата: 04.05.2017 Графични издания
  Не е изгубен Universal Decimal Classification Не е повреден без рестрикции заемане за дома 799406 Регионална библиотека "Любен Каравелов" Русе Регионална библиотека "Любен Каравелов" Русе Детски отдел 2020-09-17 Детски отдел 3.74   39/К 78 120000846817   1.91   Графични издания
Vip Innovations Ltd, Rousse, Bulgaria 2025